Global marketing / (Record no. 343943)
[ view plain ]
| 000 -LEADER | |
|---|---|
| fixed length control field | 01672 a2200217 4500 |
| 020 ## - INTERNATIONAL STANDARD BOOK NUMBER | |
| International Standard Book Number | 1557864934 |
| 020 ## - INTERNATIONAL STANDARD BOOK NUMBER | |
| International Standard Book Number | 9781557864932 |
| 082 04 - DEWEY DECIMAL CLASSIFICATION NUMBER | |
| Classification number | 658.848 |
| 090 ## - LOCALLY ASSIGNED LC-TYPE CALL NUMBER (OCLC); LOCAL CALL NUMBER (RLIN) | |
| -- | 1421 |
| -- | 1421 |
| 100 1# - MAIN ENTRY--PERSONAL NAME | |
| Personal name | Lamont, Douglas. |
| 245 10 - TITLE STATEMENT | |
| Title | Global marketing / |
| Statement of responsibility, etc. | Douglas Lamont. |
| 260 ## - PUBLICATION, DISTRIBUTION, ETC. | |
| Place of publication, distribution, etc. | [S.l.] : |
| Name of publisher, distributor, etc. | Blackwell Pub, |
| Date of publication, distribution, etc. | 1996. |
| 300 ## - PHYSICAL DESCRIPTION | |
| Extent | 597 p. ; |
| Dimensions | 24 cm. |
| 490 1# - SERIES STATEMENT | |
| Series statement | International dimensions of marketing. |
| 500 ## - GENERAL NOTE | |
| General note | Hardcover. |
| 520 ## - SUMMARY, ETC. | |
| Summary, etc. | This text represents a contemporary vision of how students will see the global marketplace in the future. Using an innovative three-scan framework (competitive, environmental and marketing), it synthesizes both traditional analysis (country risk and company tactical marketing mix decision-making) and non-traditional analysis (political, technological, cultural and marketing strategy factors). The book discusses issues from NAFTA in Mexico to telecommunications in Europe in a comprehensive analytical framework which also reflects a superior understanding of the global environment. The book aims to set criteria for understanding how marketing managers must react from now on. Key features of the book include: an analytical approach based on experience; truly global - looks at key regions Mexico, China, Japan and Europe; key global industries such as telecommunications integrated into region and scan; and provides coverage of important cultural issues. |
| 830 #0 - SERIES ADDED ENTRY--UNIFORM TITLE | |
| Uniform title | International dimensions of marketing. |
| 856 40 - ELECTRONIC LOCATION AND ACCESS | |
| Materials specified | Amazon.com |
| Uniform Resource Identifier | <a href="http://www.amazon.com/exec/obidos/ASIN/1557864934/chopaconline-20">http://www.amazon.com/exec/obidos/ASIN/1557864934/chopaconline-20</a> |
| 856 40 - ELECTRONIC LOCATION AND ACCESS | |
| Materials specified | Amazon customer reviews |
| Uniform Resource Identifier | <a href="http://www.chopac.org/cgi-bin/tools/azrev.pl?q=1557864934">http://www.chopac.org/cgi-bin/tools/azrev.pl?q=1557864934</a> |
| 942 ## - ADDED ENTRY ELEMENTS (KOHA) | |
| Institution code [OBSOLETE] | NBS |
| Koha item type | Book |
| Call number prefix | 658.48 |
| Withdrawn status | Lost status | Damaged status | Not for loan | Permanent Location | Current Location | Date acquired | Total Checkouts | Full call number | Barcode | Date last seen | Price effective from | Koha item type |
|---|---|---|---|---|---|---|---|---|---|---|---|---|
| Central Library (CL) | Central Library (CL) | 08/28/2013 | 658.48 | NBS4506 | 08/28/2013 | 08/28/2013 | Book |
